| 000 | 01174cac a22002411u 4500 | ||
|---|---|---|---|
| 090 | _c7763 | ||
| 008 | 081214t2004 xxu||||| |||| 00| 0 eng d | ||
| 020 | _a0333973690 | ||
| 082 |
_a004.21 _bSKI |
||
| 100 | _aSkidmore, Steve | ||
| 245 |
_aIntroducing systems development / _b Steve Skidmore and Malcolm Eva. |
||
| 260 |
_aBasingstoke : _bPalgrave Macmillan _c2004 |
||
| 300 |
_axii, 335 p. ; _c 25 cm. |
||
| 500 | _aIncludes bibliographical references and index. | ||
| 500 | _adistributer: Baccah | ||
| 511 | _acatalogued by: wessam | ||
| 650 | _aSystem design. | ||
| 700 |
_aEva, Malcolm _d1949- |
||
| 942 |
_cNB _k004.21 SKI _2ddc |
||
| 999 |
_c7763 _d7763 |
||